[Event "Bayern-chI Bank Hofmann 6th"]
[Site "Bad Wiessee"]
[Date "2002.10.30"]
[Round "5"]
[White "Golod, Vitali"]
[Black "Landa, Konstantin"]
[Result "1/2-1/2"]
[WhiteElo "2523"]
[BlackElo "2632"]
[Annotator "Golod,V"]
[PlyCount "105"]
[EventDate "2002.10.26"]
[EventType "swiss"]
[EventRounds "9"]
[EventCountry "GER"]
[SourceTitle "EXT 2003"]
[Source "ChessBase"]
[SourceDate "2002.11.25"]
[SourceVersion "1"]
[SourceVersionDate "2002.11.25"]
[SourceQuality "1"]

1. d4 Nf6 2. c4 e6 3. Nf3 d5 4. g3 Bb4+ 5. Nbd2 {For the first time I play
this variant with the white pieces.} dxc4 6. Bg2 c3 $5 ({Pretty interestingly:
} 6... a5 {[%csl Ya8,Gg2]} 7. O-O b5 8. b3 $6 cxb3 9. Qxb3 Bb7 10. a3 Bd5 $15 {
Mikhalevski,A-Kortschnoj,V/Beersheba,1993(0-1)(36)}) ({Is a possible
continuations of the play:} 6... O-O) ({and} 6... Nc6) 7. bxc3 Bxc3 8. Rb1 O-O
9. e3 a5 $5 $146 {[%cal Yc3b4,Yb4e7] It original idea. On the way home the
bishop doesn't let white pieces to develop normally.} ({I was played:} 9... c5
$6 10. dxc5 Qd3 11. Rb3 Ne4 12. Bb2 $6 (12. Ne5 $1 $14) 12... Rd8 $36 {
Mikhalevski,A-Golod,V/ISR,1995(0-1)(37)}) (9... Ne4 $6 10. Qc2 (10. O-O $143
Bxd2 11. Bxd2 (11. Nxd2 $4 Nc3 {[%csl Rb1,Rd1]}) 11... Nxd2 12. Nxd2 c6) 10...
Bxd2+ 11. Nxd2 Nxd2 12. Bxd2 $36 {[%csl Gd2,Gg2]}) 10. O-O ({Now dubiously:} 
10. a3 {because of:} c5 $1 11. dxc5 $140 Qd3 {and white doesn't have:} 12. Rb3
{in view of:} a4) 10... Bb4 {[%csl Yb4,Rb7]} 11. Qc2 b6 12. a3 {It is
necessary to move the bishop away.} (12. e4 $6 Bb7 13. e5 Nd5 14. Ne4 h6 {
[%csl Yh6][%cal Yh6g5]}) 12... Be7 13. Ne5 Ra7 14. Ndc4 Nfd7 (14... Bb7 $4 15.
Bxb7 Rxb7 16. Nxa5 $18 {[%csl Rb7,Rc6][%cal Ga5b7,Ga5c6]}) 15. Nd3 Ba6 16. Rd1
{[%csl Rd8]} Qc8 {There is no much room for black,but they have extra pawn.}
17. e4 Re8 18. Bb2 {Otherwise the pawn ''a3'' is left without protection.} Bxc4
19. Qxc4 c6 20. a4 $44 Na6 (20... b5 $6 21. axb5 Nb6 22. Qb3 a4 23. Qa2 cxb5
24. Ba1 {[%csl Rb5] and I am clinging to pawn ''b5''.}) 21. Rbc1 Rc7 22. Bc3 {
[%csl Rb4,Yc3,Yd3]} Qb7 23. Qb3 Bf8 24. Bd2 (24. e5 $5 $44) 24... Qa7 25. Rc2
$6 {My pieces are located not successfully,and Konstantin is using it right
away.} (25. Kh1 $142) 25... e5 $1 26. dxe5 Nac5 27. Nxc5 Nxc5 (27... Bxc5 $2
28. Bf4 {[%csl Rg8][%cal Ge5e6]}) 28. Qc4 (28. Qa2 $143 Rd7 29. Rb1 Red8 $36 (
29... Rd4 $143 {[%csl Ra4]} 30. Rc4)) 28... Rd7 29. Bh3 $6 {It is simply loss
of tempo.} ({It would be better to perform right away:} 29. Rb1) 29... Rdd8 (
29... Rd3 $5) 30. Rb1 Rxe5 $15 31. Bg2 Ne6 (31... Nd3 $5) 32. Rcb2 Bc5 $6 (
32... Ba3 $142 33. Ra2 $140 Bc5) ({After the game my opponent thought that he
is winning thus:} 32... b5 {but it is not so:} 33. axb5 (33. Qc3 $5 {[%csl Ra5,
Re5]}) 33... cxb5 34. Qa2 {[%csl Ra5,Rb5]}) 33. Bc3 $1 Rg5 $6 {Rook stands
here pretty bad and can be caught.} (33... Nd4 $2 34. Rd2 {[%csl Rd4]} b5 $140
35. axb5 cxb5 36. Rxb5 $1 {[%csl Rd8]}) (33... b5 $5 34. axb5 cxb5 35. Qa2 Bd4
36. Bxa5 Bxb2 37. Qxb2 {[%csl Rd8,Re5]} Qxa5 (37... Rd4 $143 38. Bc3 {[%csl
Rd4,Re5]}) 38. Qxe5 Nd4 $15) 34. Kf1 $5 {[%csl Yf1,Rg1][%cal Yg1f1]} Rh5 (34...
Qe7 $142) 35. h4 {[%csl Rh5]} Qc7 36. e5 Rh6 37. Qe4 Nf8 (37... Rd5 $5) 38. Bh3
$138 {[%csl Yh3][%cal Yh3e6]} ({It doesn't work out:} 38. Bxa5 $4 bxa5 39. Rb7
Qc8 40. Qc4 {[%csl Rc5,Rf7]} Ne6 $19) 38... Qe7 39. Bd2 $2 ({Queen had to be
protected first:} 39. Re2 $1 $36 {[%csl Rh6][%cal Gc3d2]}) 39... Rhd6 $1 40.
Bg5 f6 {I forgot,that black can make this move,without in-between:} (40... Rd1+
$2 41. Kg2 $1 {[%csl Rd8,Re7]} (41. Ke2 $2 Rxb1 42. Rxb1 f6 {[%csl Re4]}) (41.
Rxd1 $143 Rxd1+ 42. Ke2 Rd4 43. Qxd4 Bxd4 44. Bxe7 Bxb2 45. f4 $44) 41... f6
$140 42. Bxf6 $1 gxf6 43. Rxd1 Rxd1 44. Qg4+ {[%csl Rd1,Rg8]}) 41. Qc4+ (41.
Re1 $2 Rd4 42. exf6 Qxe4 43. Rxe4 Rxe4 44. f7+ Kxf7 45. Bxd8 Rb4 $1 {-/+/-+} (
45... Rxa4 $143 46. Bxb6 Rb4 47. Rxb4 Bxb4 $17)) 41... Rd5 42. exf6 gxf6 43.
Bh6 Qf7 44. Re1 Rd4 $2 (44... Re5 $142 45. Qg4+ Qg6 $17) 45. Qxf7+ Kxf7 46. Be3
Rb4 47. Rbe2 $3 {[%csl Rf7] This is the essence of the my idea.} Re4 {(1/2?)} (
{My opponent didn't see in advance,that it doesn't work out:} 47... Re8 {
because of:} 48. Bxc5 Rxe2 49. Bxb4 {[%csl Yb4][%cal Yb4e1]}) ({he also wasn't
able to decide to move on the next position:} 47... Bxe3 48. Rxe3 Rxa4 (48...
f5 $5 {[%csl Yf7]} 49. Re7+ Kf6 50. Rc7 $44) 49. Re7+ (49. Bf5 $5) 49... Kg6 (
49... Kg8 $143 50. Rc7 {[%csl Rg8][%cal Ge1e7,Gh3f5]}) 50. Rc7 $44 {[%csl Rg6]}
) 48. Bxc5 {I decided there is a need to check my oponnent's ability to be
exact.} Rxe2 49. Kxe2 bxc5 50. Rc1 Re8+ $1 (50... Rd5 $6 51. Bg2 Re5+ 52. Kd3 {
[%csl Rc5,Rc6][%cal Gf2f4]}) (50... Rd4 $6 51. Rxc5 Rxa4 52. Rxc6 $14) 51. Kd3
Rd8+ 52. Ke2 {Otherwise I could be in worse position.} Re8+ 53. Kd3 1/2-1/2

[Event "Mukachevo m"]
[Site "Mukachevo"]
[Date "2010.08.12"]
[Round "1"]
[White "Efimenko, Zahar"]
[Black "Naiditsch, Arkadij"]
[Result "1/2-1/2"]
[WhiteElo "2689"]
[BlackElo "2684"]
[Annotator "Golubev,M"]
[PlyCount "105"]
[EventDate "2010.08.12"]
[EventType "match"]
[EventRounds "6"]
[EventCountry "UKR"]
[SourceTitle "CBM 138"]
[Source "ChessBase"]
[SourceDate "2010.09.17"]
[SourceVersion "1"]
[SourceVersionDate "2010.09.17"]
[SourceQuality "1"]

1. d4 Nf6 2. c4 e6 3. Nf3 d5 4. g3 dxc4 5. Bg2 c5 6. O-O Nc6 7. dxc5 ({The
most common continuation is} 7. Qa4 Bd7 8. Qxc4 {as, for example, in the
recent game Kramnik-Naiditsch, Dortmund 2010.}) 7... Qxd1 8. Rxd1 Bxc5 9. Nbd2
c3 10. bxc3 O-O 11. Nb3 Be7 12. Nfd4 Bd7 13. Nxc6 Bxc6 14. Bxc6 bxc6 15. c4 {
White is slightly better in the ending.} Rfc8 $5 $146 {A new move.} ({In
Yermolinsky-Gelfand, Sverdlovsk 1987 Black played} 15... a5 {; some other
moves were tested as well.}) 16. Be3 c5 17. Rab1 ({Possibly stronger was} 17.
f3 {as suggested by Zahar Efimenko's assistant GM Mikhail Brodsky, and if} a5
18. a4 ({rather than} 18. Rab1 a4 19. Nc1 Rab8 20. Nd3 Nd7 21. Bf4)) 17... Ng4
18. Bd2 ({In the variation} 18. Rd7 Nxe3 19. fxe3 Kf8 20. Na5 Bd8 21. Rbb7 Bxa5
22. Rxf7+ {White has no more than a perpetual check.}) 18... Ne5 $1 {Black has
enough resources to hold.} 19. Na5 Bd8 20. Bc3 Bxa5 21. Bxe5 f6 22. Bf4 Rd8 23.
Bd6 Rac8 24. Be7 Rd4 25. Rxd4 cxd4 26. c5 Bd8 27. Bd6 Bc7 28. Rb7 Bxd6 29. cxd6
Rd8 30. d7 a5 31. Kg2 Kf7 32. Kf3 f5 ({Black avoids the line} 32... e5 33. Ke4
Ke6 34. f4 f5+ 35. Kd3 exf4 36. gxf4 Rxd7 37. Rxd7 Kxd7 38. Kxd4 Kd6 {where he
is likely lost. For example:} 39. h4 g6 40. e3 Kc6 41. Ke5 Kc5 42. Kf6 Kb4 43.
Kg7 Ka3 44. Kxh7 Kxa2 45. Kxg6) 33. g4 g5 34. Ra7 a4 35. Ra5 Rxd7 36. gxf5 d3
37. exd3 Rxd3+ 38. Kg4 Kf6 39. fxe6 Rd4+ ({Possible was} 39... h6 $6 {with a
trap} 40. Rxa4 h5+ 41. Kxh5 Rh3+ 42. Kg4 Rh4+) 40. Kf3 Rd3+ 41. Kg2 Ra3 42. Re5
$1 {White preserves an extra pawn. But anyway the draw is inevitable.} Ke7 ({
But not} 42... Kxe5 $4 43. e7) 43. Rxg5 ({Or} 43. Re2 g4 $1) 43... Kxe6 44. Rh5
Rxa2 45. Rxh7 a3 46. Ra7 Ra1 47. h4 Kf5 48. Ra5+ Kg6 49. Kf3 a2 50. h5+ Kg7 51.
Kf4 Rh1 52. Rxa2 Rxh5 53. Ke4 1/2-1/2

[Event "Athens Acropolis op-A 24th"]
[Site "Chalkida"]
[Date "2009.08.16"]
[Round "7"]
[White "Papaioannou, Ioannis"]
[Black "Reshetnikov, Alexey"]
[Result "1-0"]
[WhiteElo "2624"]
[BlackElo "2408"]
[Annotator "Grivas,E"]
[PlyCount "95"]
[EventDate "2009.08.10"]
[EventType "swiss"]
[EventRounds "9"]
[EventCountry "GRE"]
[SourceTitle "CBM 131 Extra"]
[Source "ChessBase"]
[SourceDate "2009.09.03"]
[SourceVersion "2"]
[SourceVersionDate "2009.09.16"]
[SourceQuality "1"]

1. d4 Nf6 2. c4 e6 3. g3 Bb4+ 4. Nd2 d5 5. Ngf3 dxc4 6. Bg2 Nc6 (6... O-O 7.
Qc2 b5 {is a serious option for Black. The text move starts a risky variation
for Black, as White's compensation has been proved excellent.}) 7. O-O c3 8.
Nc4 cxb2 9. Bxb2 O-O 10. Rc1 Bd7 11. Qd3 Be7 12. a3 Be8 $6 ({A dubious novelty.
Black played} 12... a6 13. Rfd1 Na7 14. Nfe5 $14 {in Papaioannou, I-Tiviakov,S
Budva 2009.}) 13. Rfd1 (13. e4 $1 $44 {looks more accurate.}) 13... Qd5 $1 14.
Qc2 (14. Ne3 $1 {would preserve White's advantage:} Qh5 15. Ne5 Rd8 16. Qc4 $14
{.}) 14... Rc8 15. Rb1 Qh5 $6 ({Black's queen is not well placed on h5. Better
was} 15... Qb5 $1 16. Ne3 Qa6 17. Ng5 $44 {.}) 16. e4 (16. Nfe5 Ng4 17. Nxg4
Qxg4 18. e4 $16 {is a good alternative option.}) 16... Nd7 (16... Rd8 17. Ne3
$16 {.}) 17. d5 {Now White's pieces are getting quite active. In contrast,
Black's pieces are stuck on the last two ranks.} Nd8 ({After} 17... exd5 $6 18.
exd5 Nd8 19. Nd4 {Black's position will fall apart.}) 18. Nce5 (18. Nfe5 {
forces} Nxe5 19. Nxe5 {.}) 18... Nxe5 ({As now Black should have tried} 18...
Nb6 $5 {.}) 19. Nxe5 exd5 20. exd5 (20. Rxd5 c6 21. Ra5 a6 22. Qc3 {was also
interesting.}) 20... Bd6 21. Bf3 Qg5 (21... Qh6 $6 {is clearly a lost cause:}
22. Qf5 Ra8 23. Bc1 Qf6 24. Qxf6 gxf6 25. Ng4 $18 {.}) 22. h4 Qe7 23. Nc4 f6
24. Be4 $1 Bg6 ({Black decided to return the pawn, as} 24... g6 25. Nxd6 Qxd6
26. h5 Kg7 27. Bc3 $16 {looks rather awful.}) 25. Bxg6 hxg6 26. Re1 Qd7 (26...
Qf7 $2 27. Nxd6 $18 {.}) 27. Qxg6 Nf7 28. Re6 $1 (28. Bxf6 $2 Nh8 $1 29. Qxg7+
Qxg7 30. Bxg7 Kxg7 31. Nxd6 cxd6 32. Rxb7+ $13 {.}) 28... Be5 ({Further losing
a pawn cannot be advisable but Black is lacking any alternative good move:} 
28... Nh8 29. Qg4 Bc5 30. Nd2 $16 {.}) 29. Bxe5 Nxe5 30. Nxe5 fxe5 31. Rxe5 $16
Rf6 32. Qg5 Rcf8 33. Rbe1 $1 Qd6 (33... Rxf2 $2 34. Re7 $18 {or}) (33... Rf5
34. Re7 $1 Rxg5 35. Rxd7 Rgf5 36. Ree7 $18 {.}) 34. Re7 R8f7 35. Re8+ Rf8 36.
R1e7 Rg6 37. Qe3 $1 (37. Qf5 $2 Rxg3+ 38. Kh1 Qxe7 39. Rxe7 Rxf5 40. fxg3 Rxd5
41. Rxc7 Rd3 $11 {.}) 37... Rgf6 38. Rxf8+ Rxf8 39. Qg5 (39. Qe6+ Qxe6 40. dxe6
Rc8 41. f4 b5 42. f5 c5 43. Rxa7 {wins as well.}) 39... Rf7 40. Re3 {White
will win in the long run, based not only on the fact of his extra material but
also on the fatal weakness of the black king.} b5 41. h5 a5 42. Re8+ Rf8 $6 {
(D) #} (42... Kh7 {was a better try but White wins anyway with} 43. Qd2 Qd7 44.
Re5 {.}) 43. h6 $1 Qxh6 (43... g6 44. Re6 {or}) (43... Qf6 44. Qxf6 gxf6 45.
h7+ {.}) 44. Rxf8+ Kxf8 45. Qd8+ Kf7 46. Qxc7+ Kg8 47. d6 Qe6 (47... Qd2 48.
Qc8+ (48. Qd8+ Kh7 49. d7 Qd1+ 50. Kh2 Qd2 51. Kh3 $1 $18) 48... Kf7 49. Qf5+
Kg8 50. Qe6+ Kh7 51. Qe4+ Kg8 52. Qe8+ Kh7 53. d7 $18 {.}) 48. d7 (48. d7 {
And Black resigned due to} Qe1+ 49. Kg2 Qe4+ 50. f3 Qe2+ 51. Kh3 Qe6+ (51...
Qf1+ 52. Kg4 $18) 52. g4 Qh6+ 53. Kg3 $18 {.}) 1-0

[Event "BL2-West 9899"]
[Site "Germany"]
[Date "1998.11.22"]
[Round "2.2"]
[White "Gross, Georg"]
[Black "Gurevich, Mikhail"]
[Result "0-1"]
[WhiteElo "2370"]
[BlackElo "2610"]
[Annotator "Gurevich,M"]
[PlyCount "52"]
[EventDate "1998.10.??"]
[EventType "team-tourn"]
[EventRounds "9"]
[EventCountry "GER"]
[SourceTitle "CBM 068"]
[Source "ChessBase"]
[SourceDate "1999.02.01"]
[SourceVersion "1"]
[SourceVersionDate "1999.02.01"]
[SourceQuality "1"]
[WhiteTeam "St Ingbert"]
[BlackTeam "Godesberg"]
[WhiteTeamCountry "GER"]
[BlackTeamCountry "GER"]

1. d4 d5 2. Nf3 c6 3. c4 Nf6 4. g3 dxc4 5. Bg2 b5 6. Ne5 Bb7 7. O-O e6 8. a4 a6
9. Nc3 Nd5 10. e4 Nxc3 11. bxc3 Nd7 12. f4 Be7 13. Qg4 (13. Nxf7 Kxf7 14. f5
exf5 15. Rxf5+ Ke8 (15... Kg8 $5 $17) 16. Bh6 $13 {1-0 Adianto,U-Kaenel,H/Open,
Biel SUI 1998 (32)}) 13... O-O 14. f5 Nf6 $5 (14... exf5 15. Qxf5 Nxe5 16. Qxe5
c5 $132 {0-1 Haba,Z-Matlak,M/Czech League 97/98 1998 (55)}) 15. Qe2 exf5 (15...
c5 16. Nxf7 $1 Rxf7 (16... Kxf7 17. fxe6+ Kxe6 18. e5 $1 $40) 17. fxe6 Rf8 18.
d5 $36 Nxd5 19. Rxf8+ Bxf8 20. exd5 Bxd5 21. Bxd5 Qxd5 22. axb5 $16) 16. Rxf5 (
16. exf5 Nd5 17. Bd2 c5 $15) 16... Nd7 $5 (16... c5 17. d5 $36) 17. Ng4 (17.
Nxd7 Qxd7 $15) 17... Nb6 $1 {|^<<} 18. Nh6+ $5 (18. a5 Na4 19. Bd2 c5 $1 20. d5
Bc8 $1 21. Rf2 Bxg4 22. Qxg4 Bf6 $17) 18... gxh6 19. Bxh6 Kh8 (19... Qd6 $5 20.
Bxf8 Rxf8 21. a5 Nd7 22. e5 Qg6 23. Raf1 $13 {(/\24.Be4)}) 20. e5 $5 (20. Bxf8
Qxf8 21. Raf1 f6 22. a5 (22. e5 Nxa4 23. exf6 Bd6 $15) 22... Nd7 23. e5 Qg7 $15
) 20... Nd5 (20... Nxa4 $5) 21. Qh5 $2 (21. Bxf8 $5 Qxf8 (21... Nxc3 22. Qe3
Ne2+ 23. Kh1 Nxd4 24. Rxf7 Bxf8 25. Rxb7 $18) 22. Bxd5 (22. Qh5 f6 23. Bxd5
cxd5 24. exf6 Bd6 $13) 22... cxd5 23. Raf1 f6 24. exf6 Bd6 25. f7 $44) 21...
Nxc3 22. d5 (22. Bxf8 Qxd4+ 23. Kh1 Rxf8 $17) 22... cxd5 23. Raf1 (23. Bxf8
Qb6+ 24. Kh1 Rxf8 25. Rxf7 Rxf7 26. Qxf7 Qd8 27. axb5 Nxb5 $17) 23... Qb6+ $1
$19 {[/\24...Qg6]} 24. Kh1 Qg6 25. Qf3 (25. Bxf8 Qxh5 26. Rxh5 Rxf8 $19) (25.
Qxg6 hxg6 26. Bxf8 Rxf8 27. Rxf7 Re8 $19) 25... Qxh6 26. Qxc3 d4 (26... d4 27.
Qxd4 Bxg2+ 28. Kxg2 Rad8 $19) 0-1

[Event "Viking op"]
[Site "Aaland/Stockholm"]
[Date "1997.08.28"]
[Round "6"]
[White "Gleizerov, Evgeny"]
[Black "Gurevich, Mikhail"]
[Result "0-1"]
[WhiteElo "2560"]
[BlackElo "2620"]
[Annotator "Gurevich,M"]
[PlyCount "108"]
[EventDate "1997.08.??"]
[EventType "swiss"]
[EventRounds "9"]
[EventCountry "SWE"]
[SourceTitle "CBM 061"]
[Source "ChessBase"]
[SourceDate "1997.11.23"]
[SourceVersion "1"]
[SourceVersionDate "1997.11.23"]
[SourceQuality "1"]

1. d4 d5 2. c4 c6 3. Nf3 Nf6 4. Nc3 e6 5. g3 dxc4 6. Bg2 b5 7. Ne5 Nd5 8. e4
Nb4 $1 {N [Kortchnoi;} (8... Nxc3 9. bxc3 Bb7 10. Qh5 Qe7 11. Ba3 g6 12. Bxe7
gxh5 13. Bf6 Rg8 14. Bf3 $14 {1/2-1/2 Poluljahov,A-Lugo,B New York op (5) 1996
(43)}) 9. O-O (9. a3 Qxd4 $1 10. axb4 Qxe5 11. Bf4 Qf6 12. Nxb5 Bxb4+ 13. Kf1
cxb5 14. e5 Qe7 15. Bxa8 Bb7 $44 {Kortchnoi}) 9... Nd7 10. f4 Nxe5 $1 11. fxe5
Nd3 12. Be3 Be7 (12... Nxb2 $5 13. Qf3 Qd7 14. d5 Bb7) 13. b3 Bg5 (13... Qa5 $5
) 14. Qf3 O-O 15. a4 (15. bxc4 bxc4 16. Rab1 c5 $15) 15... Bxe3+ 16. Qxe3 Nb4
$1 $15 (16... Ba6 17. axb5 Bxb5 18. Rad1 $44) 17. Rad1 cxb3 $6 (17... Nc2 $1
18. Qf2 (18. Qe2 cxb3 19. axb5 Qb6 $17) 18... cxb3 19. axb5 cxb5 $17) 18. axb5
cxb5 19. Ne2 $44 b2 20. Qb3 a5 21. Qxb2 Bd7 22. Nf4 $1 {[/\ Qe2_g4|^>>]} Rc8
23. Qe2 Qg5 (23... Rc2 24. Qg4 $40) 24. Qf3 Nc2 25. h4 Qh6 26. Qf2 $1 b4 27. d5
g5 $6 (27... Bb5 28. Bh3 Bxf1 29. Rxf1 b3 $17 30. dxe6 fxe6 31. Bxe6+ Qxe6 $1
32. Nxe6 Rxf2 $19) 28. hxg5 Qxg5 29. Qa7 Bb5 30. Rf2 Qd8 $6 (30... a4 31. dxe6
fxe6 32. Nxe6 Qg4 33. Rd7 $13) 31. d6 b3 32. Nh5 Qg5 33. Nf6+ Kh8 34. Qxa5 (34.
d7 $1 Rcd8 35. Qc5 $1 $16 {(/\ 36.Qb5, 36.Qf8)}) 34... Ne3 $1 35. Re1 {[#]} Rc2
$1 36. Rxc2 (36. Qxb5 Qxg3 37. Rfe2 (37. Ref1 Rg8 $1 38. Nxg8 Ng4 $1 $19) 37...
Nxg2 $19) 36... Nxc2 37. Rb1 (37. d7 Bxd7 38. Nxd7 Nxe1 $19) 37... Nd4 38. Rxb3
(38. d7 Ne2+ $19) 38... Nxb3 39. Qxb5 Nd4 (39... Qxg3 $19) 40. Qb4 Ne2+ 41. Kf2
Qxg3+ 42. Kxe2 Qxg2+ $19 43. Ke3 Qg3+ 44. Kd4 Qf2+ 45. Kd3 Ra8 $1 46. d7 Kg7
47. Qd6 Qe1 $1 (47... Qf1+ 48. Kd4 Ra4+ 49. Kc5 Qc4+ 50. Kb6 Ra6+ (50... Rb4+
51. Qxb4 Qxb4+ 52. Kc7 Qc5+ 53. Kb7 $13) 51. Kb7 Qb5+ 52. Kc7 Rxd6 53. exd6
Qa5+ 54. Kc8 $13) 48. Nd5 (48. d8=Q Rxd8 49. Qxd8 Qd1+ $19) (48. Kc4 Qc1+ 49.
Kb5 Rb8+ $1 50. Qxb8 Qb2+ 51. Kc6 Qxb8 $19) 48... Qd1+ 49. Kc3 (49. Kc4 exd5+
$19) 49... Qa1+ 50. Kb4 Qa3+ 51. Kb5 Qxd6 52. exd6 exd5 53. exd5 Kf6 $19 54.
Kc6 Ke5 0-1

[Event "Las Palmas3"]
[Site "Las Palmas"]
[Date "1993.??.??"]
[Round "3"]
[White "Ulybin, Mikhail"]
[Black "Krasenkow, Michal"]
[Result "0-1"]
[WhiteElo "2560"]
[BlackElo "2595"]
[Annotator "Hansen,Cu"]
[PlyCount "104"]
[EventDate "1993.12.??"]
[EventType "tourn"]
[EventRounds "9"]
[EventCountry "ESP"]
[EventCategory "13"]
[SourceTitle "CBM 040"]
[Source "ChessBase"]
[SourceDate "1994.06.01"]
[SourceVersion "1"]
[SourceVersionDate "1994.06.01"]
[SourceQuality "1"]

1. d4 d5 2. c4 e6 3. Nf3 Nf6 4. g3 dxc4 5. Bg2 Nc6 6. O-O Rb8 7. Nc3 b5 (7...
Bb4 8. Bf4 (8. Qc2 O-O 9. Rd1 Be7 (9... Qe7 10. e4 Bxc3 11. bxc3 e5 12. d5 Na5
13. Qa4 b6 14. Ba3 Qe8 15. Qc2 Bg4 (15... Nb7 16. Bxf8 Kxf8 17. Nd2 Nd6 18.
Rab1 Bd7 19. Re1 Ba4 20. Qc1 Kg8 21. Bf1 $16 {Yusupov,A-Agdestein,S/Beograd/
1989/}) 16. Bxf8 Kxf8 17. d6 c5 18. Rd2 $16 {Gleizerov,E-Raeckiy,A/USSR/1991/})
10. e4 b5 11. Qe2 Re8 (11... b4 12. d5 bxc3 13. dxc6 Qe8 14. bxc3 Qxc6 15. Bg5
$14 {Delchev,A-Atanasov,P/ch-BG/1991/}) 12. Be3 Bd7 13. Ng5 e5 14. dxe5 Nxe5
15. Bxa7 Ra8 16. Bd4 Nd3 $13 {Summermatter,D-Sosonko,G/San Bernardino open/
1991/}) (8. Bg5 O-O 9. Rc1 h6 10. Bxf6 Qxf6 11. Ne4 Qf5 12. Ned2 Qa5 13. a3
Bxd2 14. Nxd2 Qb6 $15 {Knaak,R-Taimanov,M/Bucharest/1973/}) (8. a3 Bxc3 9. bxc3
O-O 10. a4 b6 11. Ba3 Re8 12. Nd2 Nd5 13. Qc2 Ba6 14. e4 Nf6 15. Rfd1 Qc8 16.
Qa2 Na5 17. Bb4 Nb3 18. Nxb3 cxb3 19. Qxb3 c5 20. Ba3 $16 {Conquest,S-Ivanov,I/
BCF-ch/1987/}) 8... O-O 9. Rc1 Nd5 10. Bd2 Nb6 $13 {Juraczka,F-Mitkov,N/
Oberwart open/1991/}) (7... Nd5 8. e4 Nb6 9. d5 exd5 10. exd5 Nb4 11. Be3 Be7
12. Ne5 O-O 13. a3 Bf6 14. Nxf7 $16 {Wells,P-Polgar,Zso/Budapest/1993/}) 8. Ng5
(8. Ne5 Nxe5 9. dxe5 Nd7 (9... Nd5 10. Nxd5 exd5 11. Bxd5 Be6 12. Bc6+ Bd7 13.
Qd5 Bxc6 14. Qxc6+ Qd7 15. Qe4 Bc5 16. Bg5 O-O 17. Rad1 Qe6 18. Rd5 Be7 19.
Bxe7 Qxe7 20. f4 $14 {Delchev,A-Genov,P/ch-BG/1991/}) 10. Bc6 (10. Bf4 Be7 11.
a4 a6 12. axb5 axb5 13. Qc2 O-O 14. Rfd1 Bg5 15. Bc6 Bxf4 16. gxf4 Qe7 17. Nxb5
$14 {Poluliakhov,A-Serper,G/USSR/1990/}) (10. a4 b4 11. Ne4 Bb7 12. Bf4 Nc5 13.
Nxc5 Bxc5 14. Qxd8+ Kxd8 15. Bxb7 Rxb7 16. Rfc1 c3 17. bxc3 b3 18. Rab1 Kd7 19.
Kg2 Kc6 $17 {Roa,S-Ionov,S/Oviedo 25'/1993/}) 10... a6 11. Qd4 Bb7 (11... Rb6
12. Qe4 Bc5 13. Bxd7+ $1 Bxd7 14. Qg4 $16 {Kaidanov,G-Serper,G/Gausdal/1991/})
12. Bxb7 Rxb7 13. Rd1 c5 (13... c6 14. a4 Qb6 15. Qxb6 Rxb6 16. Be3 Rb8 17.
axb5 axb5 18. Ne4 Nxe5 19. Bf4 f6 20. Ra7 $16 {Sosonko,G-Webb/EUCup/1987/}) 14.
Qg4 Qc7 15. Bf4 Qc6 16. f3 (16. e4 h5 17. Qf3 Be7 18. h4 g6 $15 {Krasenkov,
M-Ivanov,S/Slupsk open/1992/}) 16... f5 17. exf6 Nxf6 18. Qg5 Be7 $1 19. Qxg7
Rg8 20. Qh6 Rg6 21. Qh3 b4 $13 {Gleizerov,E-Yunieyv,A/Cheliabinsk II/1991/}) (
8. e4 Be7 (8... a6 9. e5 Nd5 10. Ne4 Be7 11. Nfg5 O-O 12. Nh3 Ncb4 13. b3 f5
14. exf6 Nxf6 15. bxc4 bxc4 16. Rb1 $13 {Ryskin,A-Mochalov,E/Konsumex Kupa/
1992/}) 9. Be3 (9. e5 Nd5 10. Ne4 h6 11. h4 O-O 12. g4 Bxh4 13. g5 hxg5 14.
Nxh4 gxh4 15. Qh5 f5 16. exf6 Qe8 17. Qxh4 Qg6 $13 {Tibensky,R-Plachetka,J/
Stary Smokovec/1991/}) 9... O-O 10. d5 Nb4 11. Nd4 exd5 12. exd5 Bd7 13. b3 Ng4
$13 {Romanishin,O-Popchev,M/Stara Pazova/1988/}) (8. Bg5 Be7 9. e3 O-O 10. Qe2
Nd5 11. Bxe7 Qxe7 12. Nd2 Ncb4 $15 {Hulak,K-Popchev,M/Sarajevo/1988/}) 8... Nb4
9. a4 a6 10. axb5 axb5 11. e4 h6 12. e5 Nfd5 (12... hxg5 13. Bxg5 $44) 13. Nge4
Be7 14. Qg4 g6 $17 {+P, ><d5,><d3} 15. h4 Nc2 $2 16. Ra7 Ncb4 (16... Nxd4 17.
Nxd5 exd5 18. Nf6+ Bxf6 19. Qxd4 $40) 17. Rd1 Nd3 $6 (17... Bd7 $5 {/\Bc6}) 18.
Qf3 Nxc1 19. Rxc1 O-O 20. Nc5 $15 Nb4 (20... c6 21. N3e4 {ץd7}) 21. Rd1 Kg7
22. N3e4 Nd5 23. b3 Bd7 {/\Bc6} (23... cxb3 24. Qxb3 $15) 24. bxc4 bxc4 25. Rc1
Rb4 26. Bf1 Bc6 27. Rxc4 Rxc4 28. Bxc4 Nb6 {ץc4, קd4} 29. Bf1 Nd7 $8 (29...
Qxd4 30. Rxc7 Bxc5 31. Rxc6 $10) 30. Nxd7 (30. Qc3 Nxc5 31. Nxc5 Qd5 $17) 30...
Qxd7 31. Qe3 Rb8 32. Bg2 $6 (32. Nf6 $5 $132) 32... Bxe4 $1 33. Qxe4 $2 (33.
Bxe4 Rb4 34. Qc3 Qxd4 35. Qxd4 Rxd4 36. Rxc7 Bxh4 (36... Rxe4 37. Rxe7 Rxe5 $15
) (36... Bd8 37. Rc8 Bb6 38. Rc6 $15) 37. Bg2 $15) 33... Rb4 34. Kh2 Bc5 $17 (
34... Rxd4 35. Rxc7 $10) 35. Ra6 Qxd4 36. Qxd4 Bxd4 37. f4 (37. Rc6 Bxf2 38.
Rxc7 Rb3 $19) 37... c5 38. Ra2 c4 39. Re2 c3 40. Be4 Ra4 41. Kg2 Kf8 42. Kf3
Ke7 43. Bc2 Ra1 {/\Kd7-c6-c5-c4} 44. Ke4 Bb6 {/\Rf1,Bf2} 45. Rg2 Rf1 46. Kd3
Rf3+ 47. Kc4 (47. Ke2 Re3+ 48. Kd1 $17) 47... Bf2 $19 48. h5 gxh5 49. f5 (49.
Bd1 c2 50. Bxc2 Bxg3 $19) 49... exf5 50. Bd1 c2 51. Bxc2 Bxg3 52. Kd5 h4 {
Hansen,Cu} 0-1